Logo BPK

Biblioteka

Politechniki Koszalińskiej

Wielokryterialne metodyki wyznaczania wielonarażeniowych modeli życia układów izolacyjnych / (Rekord nr 32835)

Szczegóły MARC
000 -ETYKIETA REKORDU
podpole kontrolne o stałej długości 01051nam a2200241 i 4500
001 - NUMER KONTROLNY REKORDU
pole kontrolne bg
040 ## - ŹRÓDŁO KATALOGOWANIA
Instytucja, która utworzyła rekord BPK
041 0# - KOD JĘZYKA
Kod języka tekstu pl
Kod języka streszczenia lub abstraktu enpl
080 ## - UNIWERSALNA KLASYFIKACJA DZIESIĘTNA - UKD
UKD 621.315.6
008 - POLE O STAŁEJ DŁUGOŚCI - DANE KONTROLNE
podpole kontrolne o stałej długości s pl f |000 0 pol
100 1# - NAZWA OSOBOWA
Nazwa osobowa SIWIK, Adam
245 10 - TYTUŁ/ODPOWIEDZIALNOŚĆ
Tytuł Wielokryterialne metodyki wyznaczania wielonarażeniowych modeli życia układów izolacyjnych /
Pozostałe elementy strefy tytułu i oznaczenia odpowiedzialności Adam Siwik.
246 11 - WARIANT TYTUŁU
Tytuł Multicriterial methods of the multistress life models determination of insulation systems
260 ## - STREFA ADRESU WYDAWNICZEGO
Miejsce wydania Kraków :
Nazwa wydawcy/dystrybutora Wydawnictwa AGH,
Data publikacji, dystrybucji/powstania dokumentu 1997.
300 ## - STREFA OPISU FIZYCZNEGO
Objętość 135, [1] s. :
Inne cechy fizyczne wykr. ;
Rozmiary 24 cm.
490 1# - STREFA SERII I DOKUMENTU WIELOCZĘŚCIOWEGO - FORMA NIE DO WYSZUKIWANIA
Tytuł i oznaczenie odpowiedzialności serii Rozprawy, Monografie / Akademia Górniczo-Hutnicza im. S. Staszica,
ISSN 0867-6631 ;
Numeracja w obrębie serii 59
500 ## - UWAGI OGÓLNE
Tekst uwagi Multicriterial methods of the multistress life models determination of insulation systems.
504 ## - UWAGA DOTYCZĄCA BIBLIOGRAFII
Informacje o bibliografii Bibliogr. s. 116-[136]. - Streszcz., summ.
650 #9 - HASŁO PRZEDMIOTOWE W FORMIE NAZWY OGÓLNEJ LUB JEDNOSTKOWEJ
Nazwa ogólna lub geograficzna Izolacje elektryczne
Określnik ogólny badanie
-- metody
710 ## - HASŁO DODATKOWE - NAZWA CIAŁA ZBIOROWEGO
Nazwa ciała zbiorowego lub jednostki geograficznej AKADEMIA GÓRNICZO-HUTNICZA im. S. Staszica (Kraków)
830 #0 - HASŁO DODATKOWE SERII LUB DOKUMENTU WIELOCZĘŚCIOWEGO - TYTUŁ UJEDNOLICONY
Tytuł ujednolicony Rozprawy, Monografie (Akademia Górniczo-Hutnicza im. S. Staszica) ;
Oznaczenie tomu 59
856 ## - LOKALIZACJA I DOSTĘP DO ELEKTRONICZNYCH DOKUMENTÓW ZDALNYCH
Link (URL) http://koha.tu.koszalin.pl/cgi-bin/koha/opac-detail.pl?biblionumber=32835
Tekst linku Katalog online BPK
942 ## - DODATKOWE ELEMENTY (KOHA)
Typ dokumentu Książka
Egzemplarze
Wycofany Status egzemplarza Uszkodzony Dostępność Lokalizacja stała Lokalizacja bieżąca Miejsce przechowywania Sygnatura Kod kreskowy Typ dokumentu
      Dostępny Biblioteka Politechniki Koszalińskiej Biblioteka Politechniki Koszalińskiej Wypożyczalnia BG 42342 01318333 Książka
© 2023 Biblioteka Politechniki Koszalińskiej :: KOHA